2000s Albums (Extreme) - Statistics

General Stats
  • This quiz has been taken 638 times
    610 since last reset
  • The average score is 7 of 20
Answer Stats
Picture Answer % Correct
Stadium Arcadium - Red Hot Chili Peppers
56%
Lungs - Florence + The Machine
55%
PCD - The Pussycat Dolls
48%
Infest - Papa Roach
44%
Breakaway - Kelly Clarkson
42%
Funeral - Arcade Fire
35%
Waking the Fallen - Avenged Sevenfold
34%
Songs in A Minor - Alicia Keys
33%
How To A Save A Life - The Fray
32%
One by One - Foo Fighters
30%
Yankee Hotel Foxtrot - Wilco
30%
Illinois - Sufjan Stevens
29%
The Emancipation of Mimi - Mariah Carey
29%
Turn On the Bright Lights - Interpol
29%
Yoshimi Battles the Pink Robots - The Flaming Lips
29%
Michael Bublé - Michael Bublé
26%
It's Blitz - Yeah Yeah Yeahs
24%
Ocean Eyes - Owl City
22%
Waking Up - OneRepublic
17%
Closer - Josh Groban
13%
No matching quizzes found
Score Distribution
Percent of People with Each Score
Percentile by Number Answered
Your Score History
You have not taken this quiz since the last reset